Statistiche per Riconosci la Provincia - Quiz n°82

Clicka qui per fare il quiz!

Statistiche generali

  • Questo quiz è stato fatto 4 volte
  • Il punteggio medio è 6 su 8

Statistiche sulle risposte

IndizioRisposta% Corretto
PresidenteAmedeo Mormile (Lega)
100%
Prefisso / Prefissi0961, 0967, 0968
75%
Superficie2 415,45 km²
75%
Popolazione340 632
75%
Numero province confinanti4
75%
Coordinate
del capoluogo
38°54′36″N 16°35′15″E
50%
Numero comuni80
50%
ProvinciaCatanzaro
50%

Distribuzione punteggi

Percentile per numero di risposta

Percentuale di utenti per punteggio

I tuoi punteggi nel tempo

Non hai fatto questo quiz